[Event "10. Lichtenberger Sommer"]
[Site "Berlin"]
[Date "2011.08.13"]
[Round "1.33"]
[White "Noetzel, Felix"]
[Black "Pallas, Sebastian"]
[Result "1-0"]
[WhiteElo "2090"]
[BlackElo "1803"]
[PlyCount "39"]
[EventDate "2011.??.??"]
[WhiteTeam "SC Borussia Friedrichsfelde 1920"]
[BlackTeam "SG 1871 Löberitz"]

1. e4 c5 2. d4 cxd4 3. c3 d3 4. Bxd3 d6 5. h3 Nc6 6. Nf3 Nf6 7. O-O e6 8. Bg5
Be7 9. Nbd2 Qc7 10. Qe2 a6 11. a4 O-O 12. Rfd1 Bd7 13. Nc4 Na5 14. Nxd6 Bxd6
15. e5 Be7 16. exf6 Bxf6 17. Qe4 Rfd8 18. Bf4 Qc6 19. Qxh7+ Kf8 20. Be4 1-0

[Event "10. Lichtenberger Sommer"]
[Site "Berlin"]
[Date "2011.08.13"]
[Round "1.34"]
[White "Hesselbarth, Karlheinz"]
[Black "Amelang, Thomas"]
[Result "0-1"]
[WhiteElo "1789"]
[BlackElo "2152"]
[PlyCount "58"]
[EventDate "2011.??.??"]
[WhiteTeam "SC Zugzwang 95 e.V."]
[BlackTeam "SK Siemens München"]

1. d4 c5 2. d5 Nf6 3. c4 b5 4. cxb5 a6 5. bxa6 Bxa6 6. Nc3 d6 7. Nf3 g6 8. e4
Bxf1 9. Kxf1 Nbd7 10. h3 Qb6 11. Kg1 Bg7 12. Kh2 h5 13. Re1 Ng4+ 14. Kg1 Nge5
15. Qe2 Nxf3+ 16. Qxf3 O-O 17. Nd1 c4 18. Re2 Ne5 19. Qe3 Qb5 20. Rc2 e6 21.
Nc3 Qa6 22. Bd2 Nd3 23. dxe6 fxe6 24. Nd1 Qa4 25. Rc3 Bxc3 26. Bxc3 e5 27. Qg5
Qe8 28. Ne3 Nxf2 29. Rf1 Nxe4 0-1

[Event "10. Lichtenberger Sommer"]
[Site "Berlin"]
[Date "2011.08.13"]
[Round "1.35"]
[White "Schreyer, Oliver"]
[Black "Kohlmeyer, Dagobert"]
[Result "0-1"]
[WhiteElo "2130"]
[BlackElo "1879"]
[PlyCount "126"]
[EventDate "2011.??.??"]
[WhiteTeam "Schachverein 1949 Herzogenrath"]
[BlackTeam "SC Rochade e.V."]

1. e4 e6 2. d4 d5 3. Nd2 c5 4. exd5 exd5 5. Ngf3 Nc6 6. Be2 Bd6 7. dxc5 Bxc5 8.
Nb3 Bb6 9. Bg5 Nf6 10. c3 Be6 11. O-O O-O 12. Nfd4 Qe7 13. Re1 h6 14. Bh4 Ne5
15. Bd3 Nxd3 16. Qxd3 Rfe8 17. f4 Qd8 18. Kh1 Bd7 19. Rxe8+ Bxe8 20. Nf5 Bd7
21. Nbd4 Bxf5 22. Nxf5 Ne4 23. Rf1 Qd7 24. Ne7+ Kh8 25. Nxd5 Nc5 26. Qf3 Bd8
27. Bf2 Ne6 28. b3 a5 29. c4 Qd6 30. f5 Ng5 31. Qh5 Kg8 32. Bg3 Qf8 33. f6 g6
34. Qg4 Ne6 35. Re1 Ra6 36. h4 h5 37. Qe4 Rc6 38. Qe3 Kh7 39. Rd1 Qc5 40. Qf3
Nd4 41. Qf1 Ne6 42. Be5 Qf8 43. Qf3 Qc5 44. g4 hxg4 45. Qxg4 Qf8 46. Nf4 Bb6
47. Rd7 Nxf4 48. Qxf4 Re6 49. Bd6 Qe8 50. Re7 Qc6+ 51. Kh2 Qxd6 52. Rxf7+ Kg8
53. Rg7+ Kf8 54. Qxd6+ Rxd6 55. Rxg6 Bd4 56. Rg7 b6 57. Rb7 Rxf6 58. Kg3 Rf7
59. Rb8+ Kg7 60. Kg4 Rf2 61. Rd8 Bc5 62. a4 Rh2 63. h5 Rh4+ 0-1

[Event "10. Lichtenberger Sommer"]
[Site "Berlin"]
[Date "2011.08.13"]
[Round "1.36"]
[White "Albinus, Guenter"]
[Black "Benninger, Rudolf"]
[Result "0-1"]
[WhiteElo "1825"]
[BlackElo "2154"]
[PlyCount "64"]
[EventDate "2011.??.??"]
[WhiteTeam "SG Weißensee 49 e.V."]
[BlackTeam "SC Heusenstamm"]

1. Nf3 g6 2. c4 Bg7 3. Nc3 c5 4. d3 Nc6 5. g3 d6 6. Bg2 e5 7. O-O Nge7 8. Bd2
O-O 9. Qc1 a6 10. Bh6 Rb8 11. Bxg7 Kxg7 12. e3 b5 13. b3 Bf5 14. Rd1 Qc8 15.
Rd2 f6 16. Qf1 Rd8 17. Rad1 Be6 18. cxb5 axb5 19. d4 b4 20. Na4 cxd4 21. exd4
Bg4 22. Rc1 Qf5 23. Nh4 Qg5 24. f4 exf4 25. Qxf4 Qxf4 26. gxf4 Rdc8 27. d5 Na7
28. Rcc2 Rxc2 29. Rxc2 Rc8 30. Rxc8 Bxc8 31. Nb6 Bb7 32. Nc4 Nb5 0-1

[Event "10. Lichtenberger Sommer"]
[Site "Berlin"]
[Date "2011.08.13"]
[Round "1.37"]
[White "Zschaebitz, Klaus"]
[Black "Schmidek, Emil"]
[Result "1-0"]
[WhiteElo "2088"]
[BlackElo "1732"]
[PlyCount "135"]
[EventDate "2011.??.??"]
[WhiteTeam "BSG 1827 Eckbauer e.V."]
[BlackTeam "TuS Makkabi Berlin e.V."]

1. d4 Nf6 2. c4 g6 3. g3 d6 4. Bg2 Bg7 5. Nc3 O-O 6. Nf3 Nbd7 7. O-O Re8 8. h3
c6 9. b3 e5 10. e4 exd4 11. Nxd4 Nc5 12. Re1 a5 13. Bf4 Nh5 14. Be3 Nf6 15. Qc2
Qe7 16. f3 Nfd7 17. f4 Nf6 18. Bf2 Nh5 19. Rad1 Ne6 20. Nde2 Nf6 21. Qd2 Nc5
22. Bxc5 dxc5 23. e5 Nd7 24. Ne4 Nf8 25. Qe3 Ne6 26. Rd6 Rd8 27. Red1 a4 28.
Rxd8+ Nxd8 29. Qxc5 Bf8 30. Qxe7 Bxe7 31. Nd4 axb3 32. axb3 Ne6 33. Nd6 Nxd4
34. Rxd4 Ra3 35. Kh2 Bxd6 36. exd6 Bd7 37. b4 Kg7 38. c5 Rb3 39. g4 Re3 40. Kg1
Re1+ 41. Kf2 Re6 42. b5 Re8 43. bxc6 Bxc6 44. Bxc6 bxc6 45. Ra4 Kf6 46. Ra6 Re4
47. Kf3 Rc4 48. Rxc6 Rc3+ 49. Ke4 Rc4+ 50. Ke3 Rc3+ 51. Kd4 Rxh3 52. g5+ Ke6
53. Rc7 Rh1 54. Re7+ Kf5 55. Rxf7+ Ke6 56. Re7+ Kf5 57. Re3 Ra1 58. d7 Ra8 59.
Re8 Ra4+ 60. Kd5 Ra1 61. Rf8+ Kg4 62. c6 Rd1+ 63. Ke6 Rc1 64. Kd6 Rd1+ 65. Ke7
Re1+ 66. Kd8 Ra1 67. c7 Ra8+ 68. c8=Q 1-0

[Event "10. Lichtenberger Sommer"]
[Site "Berlin"]
[Date "2011.08.13"]
[Round "1.38"]
[White "Peter, Volkhard"]
[Black "Schleich, Theodor"]
[Result "0-1"]
[WhiteElo "1810"]
[BlackElo "2120"]
[PlyCount "58"]
[EventDate "2011.??.??"]
[WhiteTeam "Schachclub Oranienburg e.V."]
[BlackTeam "FC Bayern München e.V."]

1. e4 e6 2. Nf3 c5 3. d4 cxd4 4. c3 dxc3 5. Nxc3 a6 6. Bd3 d6 7. O-O Nc6 8. Be3
Nf6 9. Rc1 Be7 10. Na4 O-O 11. Nb6 Rb8 12. Bxa6 bxa6 13. Rxc6 Bb7 14. Qa4 Bxc6
15. Qxc6 Qe8 16. Qc7 Qd8 17. Qa7 Ng4 18. Nc4 Nxe3 19. Qxe3 d5 20. Rd1 Qc7 21.
exd5 Qxc4 22. Ne5 Qc7 23. Nc6 Rxb2 24. Qc3 Bf6 25. Qc1 exd5 26. Re1 Qb6 27. Rf1
Kh8 28. a3 Rc8 29. Qe1 Qxc6 0-1

[Event "10. Lichtenberger Sommer"]
[Site "Berlin"]
[Date "2011.08.13"]
[Round "1.39"]
[White "Pueschel, Werner"]
[Black "Gremm, Albert Jürgen"]
[Result "1-0"]
[WhiteElo "2163"]
[BlackElo "1906"]
[PlyCount "59"]
[EventDate "2011.??.??"]
[WhiteTeam "SG Lasker Steglitz-Wilmersdorf"]
[BlackTeam "SC Kreuzberg e.V."]

1. e4 d5 2. exd5 Nf6 3. Bb5+ c6 4. dxc6 bxc6 5. Be2 e5 6. Nc3 Bc5 7. d3 Qb6 8.
Na4 Bxf2+ 9. Kf1 Qa6 10. Kxf2 Qxa4 11. Nf3 Ng4+ 12. Kf1 O-O 13. h3 f5 14. hxg4
fxg4 15. Rh4 Qd4 16. Ke1 gxf3 17. Rxd4 fxe2 18. Qxe2 exd4 19. Qe5 Nd7 20. Qxd4
Nf6 21. Bg5 c5 22. Qc4+ Kh8 23. Kd2 Bb7 24. g3 Rad8 25. Re1 Bd5 26. Qxc5 Rc8
27. Qa5 Bf3 28. Bxf6 Rxf6 29. Re7 Bh5 30. Qxh5 1-0

[Event "10. Lichtenberger Sommer"]
[Site "Berlin"]
[Date "2011.08.13"]
[Round "1.40"]
[White "Schrodt, Horst"]
[Black "Albrecht, Rainer"]
[Result "0-1"]
[WhiteElo "1709"]
[BlackElo "2125"]
[PlyCount "54"]
[EventDate "2011.??.??"]
[WhiteTeam "SC Eintracht Berlin e.V."]
[BlackTeam "SC Kreuzberg e.V."]

1. d4 e6 2. c4 f5 3. Nf3 Nf6 4. Nc3 Bb4 5. Bd2 b6 6. g3 Bb7 7. Bg2 O-O 8. O-O
Qe7 9. Rc1 d6 10. Qb3 a5 11. Nb1 Bxd2 12. Nbxd2 Nbd7 13. Rfe1 Ne4 14. Qe3 e5
15. dxe5 dxe5 16. Nxe4 Bxe4 17. Red1 Nc5 18. Nd2 f4 19. Qa3 Bxg2 20. Kxg2 e4
21. Nb1 f3+ 22. exf3 exf3+ 23. Kg1 Rae8 24. Nd2 Qe2 25. Qc3 Nd3 26. Nxf3 Qxf2+
27. Kh1 Qxf3+ 0-1

[Event "10. Lichtenberger Sommer"]
[Site "Berlin"]
[Date "2011.08.13"]
[Round "1.41"]
[White "Kollberg, Lothar"]
[Black "Bockelmann, Rolf"]
[Result "1-0"]
[WhiteElo "2237"]
[BlackElo "1820"]
[PlyCount "59"]
[EventDate "2011.??.??"]
[WhiteTeam "SC Rotation Pankow e.V."]
[BlackTeam "SV Senat (FV Schach)"]

1. d4 Nf6 2. c4 e5 3. dxe5 Ng4 4. Bf4 Nc6 5. Nf3 Bc5 6. e3 f6 7. exf6 Qxf6 8.
Qd2 d6 9. Nc3 O-O 10. h3 Nge5 11. Be2 Ng6 12. Bg3 Bf5 13. Nd5 Qf7 14. b4 Bb6
15. O-O Rad8 16. Bd3 Nge5 17. Nxe5 dxe5 18. Bxf5 Qxf5 19. Rfd1 a6 20. b5 axb5
21. cxb5 Ba5 22. bxc6 Bxd2 23. Ne7+ Kh8 24. Nxf5 Rxf5 25. cxb7 Rff8 26. Bxe5 c5
27. b8=Q Rxb8 28. Bxb8 Rxb8 29. Rxd2 h6 30. Rc1 1-0

[Event "10. Lichtenberger Sommer"]
[Site "Berlin"]
[Date "2011.08.13"]
[Round "1.42"]
[White "Lieder, Guenter"]
[Black "Cusnariov, Nikolai"]
[Result "1/2-1/2"]
[WhiteElo "1847"]
[BlackElo "2143"]
[PlyCount "101"]
[EventDate "2011.??.??"]
[WhiteTeam "SK Turm Bad Hersfeld"]
[BlackTeam "USV Potsdam e.V., Abt. Schach"]

1. e4 c5 2. Nc3 Nc6 3. f4 d6 4. Nf3 g6 5. Bc4 Bg7 6. O-O e6 7. d3 Nge7 8. a3
O-O 9. Rb1 b6 10. Bd2 d5 11. Ba2 Bb7 12. e5 a6 13. Be1 Nf5 14. Bf2 Qc7 15. g4
Nfd4 16. Nxd4 Nxd4 17. Bxd4 cxd4 18. Ne2 f6 19. exf6 Bxf6 20. Qd2 Bg7 21. Rbc1
Kh8 22. Ng3 Qd6 23. Rce1 Rae8 24. Bb3 Re7 25. Re2 Ref7 26. Ref2 Bc8 27. g5 Bd7
28. Qc1 a5 29. Ba2 b5 30. Qd2 b4 31. axb4 axb4 32. Bb3 Bc6 33. Qc1 Be8 34. Qd2
e5 35. fxe5 Bxe5 36. Rxf7 Bxf7 37. Qg2 Bg7 38. Ne2 Qe5 39. Kh1 Be6 40. Rxf8+
Bxf8 41. h4 Bg7 42. Ng1 Qf4 43. Qh2 Qg4 44. Ba4 h6 45. Be8 Kh7 46. gxh6 Bxh6
47. h5 Qxh5 48. Qxh5 gxh5 49. Bxh5 Bc1 50. b3 Kh6 51. Bf3 1/2-1/2

[Event "10. Lichtenberger Sommer"]
[Site "Berlin"]
[Date "2011.08.13"]
[Round "1.43"]
[White "Guenther, Thomas"]
[Black "Alvarez, Luis"]
[Result "1-0"]
[WhiteElo "2132"]
[BlackElo "1861"]
[PlyCount "67"]
[EventDate "2011.??.??"]
[WhiteTeam "SV Senat (FV Schach)"]
[BlackTeam "Schachclub Zug um Zug Everswinke"]

1. d4 d5 2. c4 e6 3. Nc3 Nf6 4. cxd5 exd5 5. Bg5 Be7 6. Qc2 c6 7. e3 O-O 8. Bd3
Nbd7 9. Nge2 Re8 10. O-O Nf8 11. f3 Nh5 12. Bxe7 Qxe7 13. e4 dxe4 14. fxe4 Nf6
15. h3 Bd7 16. Rf2 Ng6 17. Raf1 Rf8 18. e5 Nd5 19. Nxd5 cxd5 20. Bxg6 hxg6 21.
Qc7 Qe8 22. Nf4 Bc6 23. Nxg6 Bb5 24. Ne7+ Kh8 25. Rc1 Bd7 26. Qd6 Rd8 27. Rf4
Bf5 28. Qa3 Bh7 29. Rc7 Qb5 30. Rh4 g6 31. Qe3 Qxb2 32. Nxg6+ Kg8 33. Ne7+ Kh8
34. Qd3 1-0

[Event "10. Lichtenberger Sommer"]
[Site "Berlin"]
[Date "2011.08.13"]
[Round "1.44"]
[White "Sube, Günter"]
[Black "Cremer, Jan Paul"]
[Result "0-1"]
[WhiteElo "1842"]
[BlackElo "2033"]
[PlyCount "84"]
[EventDate "2011.??.??"]
[WhiteTeam "SV Bau-Union e.V."]
[BlackTeam "Schachpinguine Berlin e.V."]

1. e4 c5 2. Nc3 Nc6 3. f4 d6 4. Nf3 g6 5. Bb5 Bg7 6. O-O e6 7. d3 Nge7 8. Bd2
O-O 9. Bxc6 Nxc6 10. Rb1 Bd7 11. Ne2 Qe7 12. Bc3 e5 13. fxe5 dxe5 14. Qe1 c4
15. d4 exd4 16. Bxd4 Qxe4 17. Bxg7 Qe3+ 18. Qf2 Qxf2+ 19. Kxf2 Kxg7 20. c3 Bf5
21. Rbd1 Bd3 22. Rfe1 Rad8 23. Ned4 Nxd4 24. Nxd4 Rfe8 25. b4 Kf8 26. a4 Rd6
27. Rxe8+ Kxe8 28. Re1+ Kf8 29. a5 Rf6+ 30. Ke3 Bf1 31. g3 Bg2 32. Re2 Bd5 33.
Rf2 Rxf2 34. Kxf2 Ke7 35. Ke3 Kf6 36. b5 Ke5 37. a6 b6 38. Nc6+ Bxc6 39. bxc6
Kd6 40. c7 Kxc7 41. Kd4 Kc6 42. Kxc4 b5+ 0-1

[Event "10. Lichtenberger Sommer"]
[Site "Berlin"]
[Date "2011.08.13"]
[Round "1.45"]
[White "Fischer, Daniel"]
[Black "Prix, Siegfried"]
[Result "1-0"]
[WhiteElo "2109"]
[BlackElo "1782"]
[PlyCount "45"]
[EventDate "2011.??.??"]
[WhiteTeam "SK Oberkirch"]
[BlackTeam "Sfrd. Berlin 1903 e.V."]

1. c4 e5 2. g3 Nf6 3. Bg2 d5 4. cxd5 Nxd5 5. Nc3 Be6 6. Nf3 Nc6 7. O-O Be7 8.
d4 exd4 9. Nxd4 Nxd4 10. Qxd4 Nxc3 11. bxc3 Qxd4 12. cxd4 c6 13. Rb1 O-O-O 14.
Bb2 Bf6 15. e3 Bxa2 16. Ra1 Bc4 17. Rfc1 Ba6 18. Bxc6 Kb8 19. Bf3 Rc8 20. Ba3
Rhd8 21. Bc5 g6 22. Rxa6 bxa6 23. Rb1+ 1-0

[Event "10. Lichtenberger Sommer"]
[Site "Berlin"]
[Date "2011.08.13"]
[Round "1.46"]
[White "Bandsom, Olaf"]
[Black "Gress, Alexander"]
[Result "1-0"]
[WhiteElo "1778"]
[BlackElo "2061"]
[PlyCount "107"]
[EventDate "2011.??.??"]
[WhiteTeam "SC Friesen Lichtenberg e.V."]
[BlackTeam "SC Caissa Schwarzenbach"]

1. e4 c5 2. Nf3 d6 3. d4 cxd4 4. Nxd4 Nf6 5. Nc3 a6 6. Bd3 e5 7. Nde2 Be7 8.
O-O O-O 9. Bg5 Be6 10. Qd2 Nbd7 11. Ng3 g6 12. Kh1 b5 13. a3 Rc8 14. f4 exf4
15. Qxf4 Nh5 16. Bxe7 Nxf4 17. Bxd8 Nxd3 18. cxd3 Rfxd8 19. d4 Bc4 20. Rf2 Nf8
21. h4 Ne6 22. d5 Nc5 23. Rd1 Re8 24. Rf6 Rcd8 25. Rd2 Rd7 26. h5 Kg7 27. Rf3
a5 28. b4 Nb3 29. Rdf2 a4 30. h6+ Kxh6 31. Rxf7 Ree7 32. Rxe7 Rxe7 33. Rf6 Rd7
34. Nf5+ Kg5 35. Rxd6 Rf7 36. Ne3 Bd3 37. e5 Nd4 38. e6 Re7 39. Rd7 Re8 40.
Rxh7 Kf4 41. Ncd1 g5 42. Rf7+ Kg3 43. Nf2 Rh8+ 44. Nh3 g4 45. Nxg4 Kxg4 46.
Rf4+ Kg3 47. Rxd4 Bf1 48. Kg1 Bxg2 49. Rd3+ Bf3 50. e7 Rc8 51. Rxf3+ Kxf3 52.
d6 Rc1+ 53. Kh2 Rc2+ 54. Kh1 1-0

[Event "10. Lichtenberger Sommer"]
[Site "Berlin"]
[Date "2011.08.13"]
[Round "1.47"]
[White "Hein, Erwin"]
[Black "Boeck, Ruediger"]
[Result "1-0"]
[WhiteElo "2145"]
[BlackElo "1830"]
[PlyCount "103"]
[EventDate "2011.??.??"]
[WhiteTeam "Freier Sportverein von 1898 Dort"]
[BlackTeam "SC Weisse Dame Ulm e.V."]

1. d4 d5 2. Nf3 Nf6 3. c4 e6 4. Nc3 Be7 5. Bg5 Nbd7 6. e3 O-O 7. Bd3 dxc4 8.
Bxc4 h6 9. Bh4 b6 10. O-O Bb7 11. Qe2 Ne4 12. Bxe7 Nxc3 13. bxc3 Qxe7 14. e4 c5
15. Ba6 Nf6 16. Bxb7 Qxb7 17. Rfe1 Rac8 18. Ne5 Rfd8 19. Rad1 cxd4 20. cxd4 Rc3
21. f3 Rdc8 22. Rd3 Rc2 23. Rd2 Rxd2 24. Qxd2 Nd7 25. Nxd7 Qxd7 26. d5 Rd8 27.
Rd1 Qd6 28. Qe3 exd5 29. exd5 Qc5 30. Qxc5 bxc5 31. Kf2 Kf8 32. d6 Ke8 33. Rd5
Kd7 34. Rxc5 Kxd6 35. Ra5 Rd7 36. Ke3 Kc6 37. h4 Kb6 38. Ra3 Kb5 39. g4 a5 40.
Rb3+ Kc4 41. Rb8 Kc5 42. a4 Kc6 43. Ke4 Rb7 44. Rxb7 Kxb7 45. Kd5 Kc7 46. Kc5
g6 47. g5 h5 48. Kb5 Kd6 49. Kxa5 Kc5 50. Ka6 Kc6 51. a5 Kc7 52. Kb5 1-0

[Event "10. Lichtenberger Sommer"]
[Site "Berlin"]
[Date "2011.08.13"]
[Round "1.48"]
[White "Kujawa, Werner"]
[Black "Elsing, Jan"]
[Result "0-1"]
[WhiteElo "1836"]
[BlackElo "2124"]
[PlyCount "92"]
[EventDate "2011.??.??"]
[WhiteTeam "SV Motor Wildau e.V."]
[BlackTeam "SC Friesen Lichtenberg e.V."]

1. d4 d5 2. c4 c6 3. Nc3 Nf6 4. Nf3 dxc4 5. e4 b5 6. e5 Nd5 7. a4 e6 8. axb5
Nxc3 9. bxc3 cxb5 10. Be2 Bb7 11. O-O Bd5 12. Ba3 Bxa3 13. Rxa3 O-O 14. Qb1 a6
15. Qb2 Qb6 16. Nd2 Qb7 17. f3 Rc8 18. Rb1 Nd7 19. Kh1 f6 20. exf6 Nxf6 21. Qb4
Qc6 22. Re1 Rf8 23. Bf1 Nh5 24. Qb1 Nf6 25. Ra1 a5 26. Kg1 Rfb8 27. Ne4 b4 28.
Nxf6+ gxf6 29. cxb4 Rxb4 30. Qc2 a4 31. Reb1 Rab8 32. Rxb4 Rxb4 33. Ra3 Rb3 34.
Rxb3 cxb3 35. Qf2 Qd6 36. Qh4 e5 37. Bd3 Qe7 38. Qg4+ Kh8 39. Qc8+ Kg7 40. Qg4+
Kh8 41. dxe5 Qxe5 42. Qc8+ Bg8 43. Be4 Qd4+ 44. Kf1 Qc4+ 45. Qxc4 Bxc4+ 46. Ke1
a3 0-1

[Event "10. Lichtenberger Sommer"]
[Site "Berlin"]
[Date "2011.08.13"]
[Round "1.50"]
[White "Kretzschmar, Jan"]
[Black "Hahlbohm, Matthias"]
[Result "0-1"]
[WhiteElo "1807"]
[BlackElo "2075"]
[PlyCount "76"]
[EventDate "2011.??.??"]
[WhiteTeam "SC Kreuzberg e.V."]
[BlackTeam "TSG Oberschöneweide e.V."]

1. d4 d5 2. Nf3 Nf6 3. c4 c6 4. e3 e6 5. Qc2 Ne4 6. Bd3 f5 7. Bd2 Bd6 8. Bc3
Nd7 9. Nbd2 O-O 10. Ne5 Nxc3 11. Qxc3 Nxe5 12. dxe5 Be7 13. f4 b6 14. O-O-O Bb7
15. Rhg1 Kh8 16. g4 g6 17. gxf5 gxf5 18. Nf3 Qd7 19. Rg3 a5 20. Qe1 Rg8 21. Ng5
Bxg5 22. fxg5 Ba6 23. Qc3 Qe7 24. h4 b5 25. c5 b4 26. Qd4 Bxd3 27. Rxd3 Rab8
28. Rd2 Rb5 29. Rc2 a4 30. b3 Ra8 31. g6 axb3 32. axb3 Ra3 33. g7+ Kg8 34. Rg5
Rxb3 35. e4 fxe4 36. Qf2 Rf3 37. Qg1 b3 38. Rh5 bxc2 0-1

[Event "10. Lichtenberger Sommer"]
[Site "Berlin"]
[Date "2011.08.13"]
[Round "1.51"]
[White "Pappenheim, Rainer"]
[Black "Petry, Thomas"]
[Result "1-0"]
[WhiteElo "2081"]
[BlackElo "1637"]
[PlyCount "93"]
[EventDate "2011.??.??"]
[WhiteTeam "SC Starnberg"]
[BlackTeam "SC Friesen Lichtenberg e.V."]

1. e4 e5 2. Nf3 Nc6 3. Bb5 a6 4. Ba4 d6 5. d4 b5 6. Bb3 Nxd4 7. Nxd4 exd4 8.
Bd5 Rb8 9. Qxd4 Nf6 10. Qa7 Rb6 11. Be3 Nxd5 12. exd5 c5 13. dxc6 Rxc6 14. Qd4
Rc4 15. Qd3 Be7 16. O-O O-O 17. Nd2 Rg4 18. c3 Bb7 19. f3 Rg6 20. a4 Bc6 21.
axb5 axb5 22. Ra6 Qd7 23. Kh1 Re8 24. Nb3 Bf8 25. Nd4 Bb7 26. Rb6 Ra8 27. Nxb5
Ra2 28. Nd4 Qc7 29. Qb5 Ba8 30. Rb8 Qe7 31. Nf5 Qe6 32. Re8 Bc6 33. Qxc6 Qxf5
34. Qb6 Re6 35. Rxe6 Qxe6 36. b4 Rc2 37. Qd4 Re2 38. Bg1 g6 39. Ra1 Ra2 40.
Rxa2 Qxa2 41. c4 Qa6 42. b5 Qa8 43. Qe4 Qb8 44. b6 h6 45. b7 Qc7 46. Ba7 d5 47.
Qxd5 1-0

[Event "10. Lichtenberger Sommer"]
[Site "Berlin"]
[Date "2011.08.13"]
[Round "1.52"]
[White "Hänisch, Christoph"]
[Black "Burger, Heinrich"]
[Result "1/2-1/2"]
[WhiteElo "1631"]
[BlackElo "2166"]
[PlyCount "50"]
[EventDate "2011.??.??"]
[WhiteTeam "SK Zehlendorf e.V."]
[BlackTeam "VfB Hermsdorf e.V."]

1. d4 Nf6 2. c4 e6 3. Nf3 b6 4. g3 Bb7 5. Bg2 d5 6. O-O Nbd7 7. cxd5 exd5 8.
Nc3 Be7 9. Ne5 O-O 10. Nxd7 Qxd7 11. a3 c5 12. e3 c4 13. b3 cxb3 14. Qxb3 Ba6
15. Re1 Bc4 16. Qd1 Rad8 17. Bd2 Rfe8 18. Na4 Bb5 19. Nc3 Bc4 20. Na4 Rc8 21.
Bb4 Bd8 22. Nb2 a5 23. Nxc4 Rxc4 24. Bd2 Be7 25. Qb3 Qe6 1/2-1/2

[Event "10. Lichtenberger Sommer"]
[Site "Berlin"]
[Date "2011.08.13"]
[Round "1.53"]
[White "Stucki, Ramon"]
[Black "Bieg, Pascal"]
[Result "1-0"]
[WhiteElo "1964"]
[BlackElo "1751"]
[PlyCount "59"]
[EventDate "2011.??.??"]
[WhiteTeam "Thun SK"]
[BlackTeam "SV Königsjäger Süd-West e.V."]

1. e4 c5 2. Nf3 d6 3. d4 cxd4 4. Nxd4 Nf6 5. Nc3 g6 6. Be3 Bg7 7. f3 O-O 8. Qd2
Nc6 9. O-O-O d5 10. Nxc6 bxc6 11. Bh6 d4 12. Bxg7 Kxg7 13. Qxd4 Qa5 14. Bc4 Bb7
15. e5 Nd5 16. Nxd5 cxd5 17. Bb3 e6 18. h4 Ba6 19. h5 Rh8 20. Qf4 Qd8 21. Rd4
g5 22. h6+ Kf8 23. Qd2 Rb8 24. Kb1 Bc8 25. c4 Qb6 26. cxd5 exd5 27. Rxd5 Qg6+
28. Ka1 Ke7 29. Qc3 Rb7 30. Qc5+ 1-0

[Event "10. Lichtenberger Sommer"]
[Site "Berlin"]
[Date "2011.08.13"]
[Round "1.54"]
[White "Bolshakov, Konstantin"]
[Black "Major, Vitalij"]
[Result "0-1"]
[WhiteElo "1618"]
[BlackElo "2112"]
[PlyCount "46"]
[EventDate "2011.??.??"]
[WhiteTeam "SG 1871 Löberitz"]
[BlackTeam "SC Zitadelle Spandau 1977 e.V."]

1. d4 Nf6 2. Nf3 e6 3. c4 b6 4. g3 Ba6 5. Nbd2 Bb7 6. Bg2 c5 7. e4 cxd4 8. Nxd4
d6 9. O-O Nbd7 10. Re1 Qc7 11. f4 Be7 12. Qe2 Nc5 13. Nb5 Qb8 14. Nxd6+ Qxd6
15. e5 Qd4+ 16. Kh1 Bxg2+ 17. Qxg2 O-O 18. exf6 Bxf6 19. Rb1 Rad8 20. Qg1 Nd3
21. Qxd4 Rxd4 22. Re2 Rfd8 23. Ne4 Rxe4 0-1

[Event "10. Lichtenberger Sommer"]
[Site "Berlin"]
[Date "2011.08.13"]
[Round "1.56"]
[White "Bullig, Reinhard"]
[Black "Krajewski, Wolfgang"]
[Result "0-1"]
[WhiteElo "1730"]
[BlackElo "2095"]
[PlyCount "122"]
[EventDate "2011.??.??"]
[WhiteTeam "Sfrd. Berlin 1903 e.V."]
[BlackTeam "SK Zehlendorf e.V."]

1. d4 d5 2. c4 c6 3. cxd5 cxd5 4. Nc3 Nf6 5. h3 Nc6 6. Bf4 a6 7. e3 Bf5 8. Nf3
e6 9. Bd3 Bxd3 10. Qxd3 Bd6 11. Bxd6 Qxd6 12. Qd1 O-O 13. O-O Rac8 14. Re1 Rfd8
15. Rc1 Rc7 16. Re2 Rdc8 17. a3 Na5 18. Nd2 Qb6 19. Rc2 Ne8 20. Kh2 Nd6 21. Na4
Qa7 22. Rxc7 Rxc7 23. Nb1 Qb8 24. g3 Qc8 25. Nbc3 Nac4 26. Nc5 b6 27. Nd3 Ne4
28. Nxe4 dxe4 29. Nf4 Nd6 30. Qb3 b5 31. Qb4 Qd7 32. Qa5 Qc6 33. d5 Nc4 34.
dxc6 Nxa5 35. b4 Nxc6 36. Rc2 Rc8 37. Kg2 Ne7 38. Rxc8+ Nxc8 39. Ne2 Nd6 40.
Nc3 f5 41. a4 Kf7 42. Kf1 Ke7 43. Ke2 Kd7 44. Kd1 Kc6 45. Kc2 Nc4 46. axb5+
axb5 47. Ne2 e5 48. g4 g6 49. gxf5 gxf5 50. Ng3 Nd6 51. h4 Kd5 52. Kc3 Ke6 53.
f4 exf3 54. Kd3 Kd5 55. Nf1 e4+ 56. Kc3 Nc4 57. h5 h6 58. Kc2 Ke5 59. Kc3 f4
60. exf4+ Kxf4 61. Kd4 e3 0-1

[Event "10. Lichtenberger Sommer"]
[Site "Berlin"]
[Date "2011.08.13"]
[Round "1.57"]
[White "Kutzner, Stephen"]
[Black "Knaut, Jonathan"]
[Result "1/2-1/2"]
[WhiteElo "2089"]
[BlackElo "1613"]
[PlyCount "70"]
[EventDate "2011.??.??"]
[WhiteTeam "SC 1950 Remagen"]
[BlackTeam "SV Königsjäger Süd-West e.V."]

1. d4 d5 2. c4 c6 3. Nf3 Nf6 4. Nc3 dxc4 5. a4 Bf5 6. e3 e6 7. Bxc4 Bb4 8. O-O
O-O 9. Qe2 Nbd7 10. e4 Bg6 11. Bg5 h6 12. Bxf6 Nxf6 13. e5 Nd5 14. Nxd5 cxd5
15. Bd3 Bxd3 16. Qxd3 Qd7 17. Qb3 a5 18. Rfc1 Rfc8 19. Qd1 Rxc1 20. Rxc1 Rc8
21. Rc2 Rc6 22. Qc1 Qc7 23. Rxc6 Qxc6 24. Qxc6 bxc6 25. Kf1 c5 26. Ke2 c4 27.
Nd2 f6 28. f4 Kf7 29. Nb1 g5 30. g3 g4 31. Nc3 Bxc3 32. bxc3 fxe5 33. dxe5 Kg6
34. Ke3 Kf5 35. Kd4 h5 1/2-1/2

[Event "10. Lichtenberger Sommer"]
[Site "Berlin"]
[Date "2011.08.13"]
[Round "1.58"]
[White "Mako, Attila"]
[Black "Krefenstein, Sergej"]
[Result "0-1"]
[WhiteElo "1702"]
[BlackElo "2031"]
[PlyCount "104"]
[EventDate "2011.??.??"]
[WhiteTeam "BSC Rehberge 1945 e.V."]
[BlackTeam "TuS Makkabi Berlin e.V."]

1. d4 e6 2. Bf4 Nf6 3. Nf3 b6 4. e3 Bb7 5. Nc3 Bb4 6. Bd3 Nd5 7. O-O Bxc3 8.
bxc3 Nxc3 9. Qe1 Ne4 10. c4 O-O 11. a4 d6 12. Qb1 f5 13. h3 Nd7 14. Qb3 Qe7 15.
Bxe4 Bxe4 16. Nd2 Bc6 17. Rfe1 Kh8 18. Qd3 e5 19. Bg3 Qg5 20. e4 f4 21. Nf3 Qg6
22. Bh2 exd4 23. Qxd4 Nc5 24. Nh4 Qg5 25. Nf3 Qh5 26. a5 Nb3 27. Qc3 Nxa1 28.
Nd2 Qxa5 29. Qxa5 bxa5 30. Rxa1 a4 31. f3 Rab8 32. Kf2 Rb2 33. Ke2 Rf6 34. Rb1
a3 35. Rxb2 axb2 36. Bg1 Rg6 37. Kf1 Rg5 38. Bd4 Ra5 39. Bxb2 Ra2 40. Bc3 Kg8
41. Kf2 Kf7 42. Ke2 g5 43. Kd3 Ke6 44. Bg7 a5 45. h4 gxh4 46. Bh6 a4 47. Bxf4
a3 48. Be3 Ba4 49. Bd4 c5 50. Bc3 Rc2 51. f4 a2 52. Bh8 Rc1 0-1

[Event "10. Lichtenberger Sommer"]
[Site "Berlin"]
[Date "2011.08.13"]
[Round "1.59"]
[White "Sabrowski, Uwe"]
[Black "Dittrich, Hans-Georg"]
[Result "1-0"]
[WhiteElo "2099"]
[BlackElo "1698"]
[PlyCount "79"]
[EventDate "2011.??.??"]
[WhiteTeam "SC Friesen Lichtenberg e.V."]
[BlackTeam "SG Blau-Weiß Stadtilm"]

1. d4 Nf6 2. Nf3 d5 3. c4 e6 4. Bg5 dxc4 5. e3 Nbd7 6. Bxc4 c6 7. O-O Qc7 8.
Nc3 Be7 9. Rc1 O-O 10. Bb3 e5 11. Nxe5 Nxe5 12. Bf4 Bd6 13. Nb5 Qd7 14. Nxd6
Qxd6 15. Bxe5 Qe7 16. Qf3 Nd7 17. Bf4 Nb6 18. Qg3 Re8 19. Rc5 Be6 20. Bd6 Qd7
21. Bc2 Nd5 22. e4 Ne7 23. Rg5 Ng6 24. h4 f6 25. Ra5 Nxh4 26. Qxh4 Qxd6 27. e5
Qf8 28. Qxh7+ Kf7 29. Bg6+ Ke7 30. Bxe8 Kxe8 31. exf6 Qxf6 32. Re1 Kd7 33. Rae5
Bd5 34. Qh3+ Kc7 35. Re7+ Kb6 36. Qc3 Rf8 37. Qb4+ Ka6 38. Qxb7+ Ka5 39. Qxa7+
Kb5 40. Qc5+ 1-0